000 00344 a2200157 4500
001 62233
020 _a9788516074814
040 _cAnchieta - Pituba
100 _aBaptista, Lívia Rádis
240 1 0 _aEspañol esencial
_lpor
245 1 0 _aEspañol esencial
300 _a391
362 0 _a2011
650 4 _aLíngua espanhola
942 _cBK
999 _c62233
_d62233